000 00247nam a2200085Ia 4500
245 0 _aLegal aid guide 2012
100 _a South Africa. Legal Aid Board Cape Town, 2012 12th ed
_925284
942 _cBK
008 210817s9999 xx 000 0 und d
999 _c98770
_d98769